[Event "Tres Cantos op 11th"]
[Site "Tres Cantos"]
[Date "2019.06.29"]
[Round "8"]
[White "Savchuk, Olga"]
[Black "Gonzalez Mateo, Jose Luis"]
[Result "1-0"]
[WhiteElo "1584"]
[BlackElo "1819"]
[PlyCount "81"]
[EventDate "2019.06.22"]
[EventType "swiss"]
[EventRounds "9"]
[EventCountry "ESP"]
[SourceTitle "CBM 195 Extra"]
[Source "ChessBase"]
[SourceDate "2020.05.31"]
[SourceVersion "1"]
[SourceVersionDate "2020.05.31"]
[SourceQuality "1"]

1. e4 e6 2. d4 d5 3. exd5 exd5 4. Bd3 Bd6 5. Nf3 Ne7 6. 0-0 0-0 7. Re1 Bf5 8. Bg5 f6 9. Be3 c6 10. Nc3 Qc7 11. Ne2 Nd7 12. Bxf5 Nxf5 13. Qd3 Nxe3 14. fxe3 Rae8 15. c4 dxc4 16. Qxc4+ Kh8 17. Nc3 Nb6 18. Qd3 Qf7 19. Ne4 Bb8 20. Nc5 Nd5 21. Qd2 Re7 22. e4 Nf4 23. Re3 Qh5 24. Rae1 g5 25. Qf2 Ng6 26. g3 Qg4 27. Qe2 Nf4 28. Qd1 h5 29. Kh1 Nh3 30. Qe2 Rh7 31. Ng1 Qc8 32. Nxh3 Qxh3 33. Qg2 Qc8 34. e5 fxe5 35. dxe5 b6 36. Nd3 Qe6 37. b3 h4 38. gxh4 gxh4 39. Qh3 Qh6 40. Rg1 Rhf7 41. Reg3 1-0

[Event "Tres Cantos op 11th"]
[Site "Tres Cantos"]
[Date "2019.06.26"]
[Round "5"]
[White "Mazo Fernandez, Roberto"]
[Black "Gonzalez Mateo, Jose Luis"]
[Result "1-0"]
[WhiteElo "1956"]
[BlackElo "1819"]
[PlyCount "79"]
[EventDate "2019.06.22"]
[EventType "swiss"]
[EventRounds "9"]
[EventCountry "ESP"]
[SourceTitle "CBM 195 Extra"]
[Source "ChessBase"]
[SourceDate "2020.05.31"]
[SourceVersion "1"]
[SourceVersionDate "2020.05.31"]
[SourceQuality "1"]

1. d4 e6 2. c4 f5 3. g3 Nf6 4. Bg2 d5 5. Nd2 c6 6. Nh3 Be7 7. 0-0 0-0 8. Qc2 Kh8 9. Nf3 Ne4 10. Nf4 Qe8 11. Ne5 g5 12. Nfd3 Nd7 13. f3 Nd6 14. b3 f4 15. gxf4 gxf4 16. Bxf4 Nf5 17. e3 Nf6 18. Bh3 Nh5 19. Bxf5 Nxf4 20. Nxf4 Rxf5 21. Kh1 Bf6 22. Nfd3 b6 23. cxd5 c5 24. e4 Rh5 25. dxe6 Ba6 26. Nf7+ Kg8 27. Rg1+ Kf8 28. Nf4 Rh4 29. Nd6 Qc6 30. Qg2 Rxf4 31. Qg8+ Ke7 32. Qf7+ Kxd6 33. dxc5+ Ke5 34. Rad1 Rd8 35. e7 Rxe4 36. exd8Q Bxd8 37. fxe4 Qxe4+ 38. Rg2 Bb7 39. Qe8+ Kf4 40. Rf1+ 1-0

[Event "Tres Cantos op 11th"]
[Site "Tres Cantos"]
[Date "2019.06.24"]
[Round "3"]
[White "Gonzalez Mateo, Jose Luis"]
[Black "Lizon Martinez, Santiago"]
[Result "1-0"]
[WhiteElo "1819"]
[BlackElo "1739"]
[PlyCount "87"]
[EventDate "2019.06.22"]
[EventType "swiss"]
[EventRounds "9"]
[EventCountry "ESP"]
[SourceTitle "CBM 195 Extra"]
[Source "ChessBase"]
[SourceDate "2020.05.31"]
[SourceVersion "1"]
[SourceVersionDate "2020.05.31"]
[SourceQuality "1"]

1. Nf3 Nf6 2. b3 d5 3. Bb2 e6 4. g3 Be7 5. Bg2 0-0 6. d3 c5 7. Nbd2 Nc6 8. 0-0 Qc7 9. c4 d4 10. a3 e5 11. e3 Bf5 12. e4 Bd7 13. Nh4 g6 14. Qe1 Qd8 15. h3 Nh5 16. Nhf3 Qc7 17. Kh2 Rae8 18. Ng1 Bg5 19. Ndf3 Bh6 20. Bc1 Bg7 21. Nh4 Qd8 22. Bf3 Nf4 23. Qd1 Bf6 24. Ng2 Nxg2 25. Kxg2 Bg5 26. Ra2 f5 27. Re1 Qf6 28. exf5 gxf5 29. Bd5+ Kh8 30. Bxg5 Qxg5 31. Nf3 Qg6 32. Nh4 Qg5 33. Nf3 Qg6 34. Nh2 e4 35. Rae2 e3 36. fxe3 dxe3 37. Rxe3 Rxe3 38. Rxe3 Nd4 39. Qe1 Bc8 40. Re7 f4 41. Qe5+ Qf6 42. Qxf6+ Rxf6 43. Re8+ Kg7 44. Rxc8 1-0

[Event "Azuqueca de Henares op 2nd"]
[Site "Azuqueca de Henares"]
[Date "2014.09.15"]
[Round "3"]
[White "Gonzalez Mateo, Jose Luis"]
[Black "Palenciano Escolar, Adrian"]
[Result "1/2-1/2"]
[WhiteElo "1848"]
[BlackElo "1930"]
[PlyCount "55"]
[EventDate "2014.09.13"]
[EventType "swiss"]
[EventRounds "9"]
[EventCountry "ESP"]
[SourceTitle "CBM 162 Extra"]
[Source "ChessBase"]
[SourceDate "2014.10.17"]
[SourceVersion "1"]
[SourceVersionDate "2014.10.17"]
[SourceQuality "1"]

1. d4 Nf6 2. c3 g6 3. Bg5 Bg7 4. Nd2 0-0 5. e4 d6 6. Ngf3 c5 7. dxc5 dxc5 8. Bc4 Nc6 9. e5 Ng4 10. e6 f6 11. Bf4 Na5 12. Qe2 Nxc4 13. Qxc4 Qb6 14. Ne4 Qxe6 15. Qxe6+ Bxe6 16. Nxc5 Bd5 17. h3 Nh6 18. 0-0-0 Bxf3 19. gxf3 e5 20. Be3 b6 21. Ne6 Rf7 22. Nxg7 Kxg7 23. Rd5 Nf5 24. Rhd1 Nxe3 25. fxe3 Kh6 26. a4 Rc8 27. Kc2 Rc4 28. e4 1/2-1/2

[Event "Madrid-ch Previa-A"]
[Site "Madrid"]
[Date "2013.02.18"]
[Round "7"]
[White "Gonzalez Mateo, Jose Luis"]
[Black "Santamaria Baeza, Adolfo"]
[Result "0-1"]
[WhiteElo "1819"]
[BlackElo "1873"]
[PlyCount "64"]
[EventDate "2013.02.04"]
[EventType "swiss"]
[EventRounds "9"]
[EventCountry "ESP"]
[SourceTitle "EXT 2015"]
[Source "ChessBase"]
[SourceDate "2014.11.20"]
[SourceVersion "1"]
[SourceVersionDate "2014.11.20"]
[SourceQuality "1"]

1. d4 e6 2. Bf4 Nf6 3. e3 c5 4. c3 Nc6 5. Bd3 cxd4 6. exd4 g6 7. Nd2 Bg7 8. Nc4 0-0 9. Nd6 Nh5 10. Bg3 a6 11. Nf3 Qe7 12. Ne4 Nxg3 13. hxg3 d5 14. Neg5 e5 15. dxe5 Nxe5 16. Be2 Nxf3+ 17. Nxf3 Re8 18. Qd2 h5 19. Kf1 Bf5 20. Re1 Qc5 21. Bd1 Rxe1+ 22. Nxe1 Qc4+ 23. Kg1 Qxa2 24. Rh4 Re8 25. Rb4 b5 26. Nc2 Bxc2 27. Bxc2 Qa1+ 28. Bd1 Bh6 29. Qxh6 Re1+ 30. Kh2 Qxd1 31. g4 Rh1+ 32. Kg3 h4+ 0-1

[Event "San Sebastian de los Reyes op 14th"]
[Site "San Sebastian"]
[Date "2012.12.09"]
[Round "9"]
[White "Gonzalez Mateo, Jose Luis"]
[Black "Lozano Sanchez, Jose Antonio"]
[Result "1-0"]
[WhiteElo "1796"]
[BlackElo "1893"]
[PlyCount "45"]
[EventDate "2012.12.01"]
[EventType "swiss"]
[EventRounds "9"]
[EventCountry "ESP"]
[SourceTitle "CBM 151 Extra"]
[Source "ChessBase"]
[SourceDate "2012.12.18"]
[SourceVersion "1"]
[SourceVersionDate "2012.12.18"]
[SourceQuality "1"]

1. d4 d5 2. Bf4 Nf6 3. e3 Bf5 4. c4 c6 5. h3 Nbd7 6. Nf3 e6 7. Nc3 Ne4 8. Qb3 Qb6 9. c5 Qxb3 10. axb3 Be7 11. b4 f6 12. b5 g5 13. Bh2 h5 14. bxc6 bxc6 15. Ba6 e5 16. Bb7 Rb8 17. Rxa7 Nexc5 18. dxc5 Nxc5 19. Bxc6+ Kf8 20. 0-0 Be6 21. Nxd5 Bxd5 22. Bxd5 Rxb2 23. Nxe5 1-0

[Event "Collado Villalba op-A 29th"]
[Site "Collado Villalba"]
[Date "2012.08.29"]
[Round "6"]
[White "Martin Consuegra, Barrilero Javier"]
[Black "Gonzalez Mateo, Jose Luis"]
[Result "0-1"]
[WhiteElo "1895"]
[BlackElo "1781"]
[PlyCount "68"]
[EventDate "2012.08.24"]
[EventType "swiss"]
[EventRounds "9"]
[EventCountry "ESP"]
[SourceTitle "CBM 150 Extra"]
[Source "ChessBase"]
[SourceDate "2012.10.19"]
[SourceVersion "1"]
[SourceVersionDate "2012.10.19"]
[SourceQuality "1"]

1. d4 g6 2. e4 Bg7 3. Be3 c5 4. c3 Nf6 5. f3 cxd4 6. Bxd4 Nc6 7. Bf2 d5 8. exd5 Nxd5 9. Bc4 Be6 10. Ne2 Nxc3 11. Nbxc3 Bxc4 12. a3 Qd3 13. Qxd3 Bxd3 14. Rd1 Rd8 15. Nf4 Bc4 16. Rxd8+ Kxd8 17. Nfe2 Kc8 18. Be3 Ne5 19. 0-0 Nd3 20. b4 b5 21. Bxa7 Kb7 22. Be3 Ra8 23. Ra1 Nxb4 24. Rb1 Rxa3 25. Bc1 Rxc3 26. Nxc3 Bxc3 27. Be3 Nd5 28. Kf2 Nxe3 29. Kxe3 b4 30. Rc1 e5 31. g3 Bd4+ 32. Kd2 Ba2 33. h3 b3 34. Rh1 b2 0-1

[Event "Collado Villalba op-A 29th"]
[Site "Collado Villalba"]
[Date "2012.08.28"]
[Round "5"]
[White "Gonzalez Mateo, Jose Luis"]
[Black "Hernandez Yanez, Javier"]
[Result "0-1"]
[WhiteElo "1781"]
[BlackElo "1952"]
[PlyCount "96"]
[EventDate "2012.08.24"]
[EventType "swiss"]
[EventRounds "9"]
[EventCountry "ESP"]
[SourceTitle "CBM 150 Extra"]
[Source "ChessBase"]
[SourceDate "2012.10.19"]
[SourceVersion "1"]
[SourceVersionDate "2012.10.19"]
[SourceQuality "1"]

1. d4 Nf6 2. Bg5 c5 3. Bxf6 exf6 4. d5 d6 5. c4 g6 6. Nc3 Bg7 7. e3 a6 8. Bd3 f5 9. Qb3 0-0 10. Nf3 Nd7 11. h4 Ne5 12. Nxe5 Bxe5 13. h5 Bd7 14. hxg6 fxg6 15. 0-0-0 b5 16. Bb1 Qf6 17. Ne2 bxc4 18. Qc2 Rab8 19. Nc3 Rb7 20. f4 Bxc3 21. Qxc3 Qxc3+ 22. bxc3 Rfb8 23. Bc2 Rb2 24. Kd2 Ba4 25. Rc1 Rxa2 26. Kd1 Rbb2 27. Bxa4 Rxa4 28. Rg1 Raa2 29. g4 fxg4 30. Rxg4 Rd2+ 31. Ke1 Re2+ 32. Kf1 Rf2+ 33. Kg1 Kf7 34. Rb1 Rfb2 35. Rf1 Kf6 36. f5 g5 37. e4 Re2 38. Rb1 h5 39. e5+ Rxe5 40. Rxc4 Rxd5 41. Re4 Kxf5 42. Re8 Re5 43. Rf1+ Kg4 44. Rd8 Ree2 45. Rd1 Rg2+ 46. Kf1 Rh2 47. Kg1 Rag2+ 48. Kf1 h4 0-1

[Event "Collado Villalba op-A 29th"]
[Site "Collado Villalba"]
[Date "2012.08.24"]
[Round "1"]
[White "Gonzalez Mateo, Jose Luis"]
[Black "Draghici Flutur, Gavril"]
[Result "0-1"]
[WhiteElo "1781"]
[BlackElo "2099"]
[PlyCount "60"]
[EventDate "2012.08.24"]
[EventType "swiss"]
[EventRounds "9"]
[EventCountry "ESP"]
[SourceTitle "CBM 150 Extra"]
[Source "ChessBase"]
[SourceDate "2012.10.19"]
[SourceVersion "1"]
[SourceVersionDate "2012.10.19"]
[SourceQuality "1"]

1. d4 Nf6 2. Bg5 Ne4 3. Bh4 c5 4. d5 Qb6 5. Qc1 Qb4+ 6. c3 Nxc3 7. Nxc3 Qxh4 8. Nf3 Qb4 9. e4 g6 10. a3 Qa5 11. Ne5 Bg7 12. b4 Qc7 13. Nc4 0-0 14. Nb5 Qd8 15. Ra2 a6 16. Nc3 b5 17. Na5 e6 18. Be2 exd5 19. Nxd5 Nc6 20. Qxc5 Nxa5 21. Nc7 Nb3 22. Qb6 Bc3+ 23. Kd1 Bd4 24. Qd6 Ra7 25. Nd5 Bg7 26. Rc2 Bb7 27. Rc7 Bxd5 28. Rxa7 Qg5 29. f4 Qxg2 30. Rf1 Qxe4 0-1

[Event "Tres Cantos op 4th"]
[Site "Tres Cantos"]
[Date "2012.06.28"]
[Round "8"]
[White "Gonzalez Mateo, Jose Luis"]
[Black "Perez Vazquez, Victor Manuel"]
[Result "1/2-1/2"]
[WhiteElo "1827"]
[BlackElo "1734"]
[PlyCount "140"]
[EventDate "2012.06.21"]
[EventType "swiss"]
[EventRounds "9"]
[EventCountry "ESP"]
[SourceTitle "CBM 149 Extra"]
[Source "ChessBase"]
[SourceDate "2012.08.24"]
[SourceVersion "1"]
[SourceVersionDate "2012.08.24"]
[SourceQuality "1"]

1. d4 f5 2. Bf4 Nf6 3. e3 e6 4. Nd2 b6 5. Qf3 d5 6. Bd3 Bd6 7. Bxd6 Qxd6 8. c3 Ba6 9. Bc2 Nbd7 10. Qh3 0-0-0 11. f4 Ng4 12. Qg3 h5 13. h3 h4 14. Qf3 Ngf6 15. g4 hxg3 16. Qxg3 g5 17. Bd1 gxf4 18. exf4 Rdg8 19. Qe3 Ne4 20. Nxe4 fxe4 21. Be2 Bxe2 22. Nxe2 Nf6 23. Kd2 Nh5 24. Rag1 Ng7 25. Rg5 Nf5 26. Qg1 Qf8 27. Qf1 Nh4 28. Rxg8 Rxg8 29. Qf2 Qh6 30. Kd1 Rg2 31. Qe3 Nf3 32. Kc1 Qh4 33. Kd1 Kb7 34. c4 Qh5 35. cxd5 exd5 36. Kc1 Qh6 37. Kb1 Qh5 38. b3 Nd2+ 39. Qxd2 Qxe2 40. Qxe2 Rxe2 41. h4 Rf2 42. h5 Rxf4 43. h6 Rf8 44. h7 Rh8 45. Kc2 Kc8 46. Kd2 Kd7 47. Ke3 Ke7 48. Kf4 Kf6 49. Rh5 c6 50. Rh6+ Kg7 51. Rxc6 Kxh7 52. Rd6 Rf8+ 53. Ke3 Rf3+ 54. Ke2 Rf5 55. Rd7+ Kg6 56. Rxa7 Rf7 57. Ra8 Rd7 58. Rb8 Rd6 59. a4 Kf7 60. b4 Ke7 61. Ra8 Rd7 62. a5 bxa5 63. Rxa5 Kd6 64. Kd2 Rb7 65. Kc3 Kc6 66. Rc5+ Kd6 67. b5 Rc7 68. b6 Rb7 69. Rb5 Kc6 70. Rc5+ Kd6 1/2-1/2